Carta del Sumo Pontifice Juan Pablo II a todos los sacerdotes de la iglesia con ocasión del jueves santo 1979

Uloženo v:
Podrobná bibliografie
Médium: Kniha
Jazyk:španělština
Vydáno: Santiago Salesiana 1979
Témata:
Tagy: Přidat tag
Žádné tagy, Buďte první, kdo vytvoří štítek k tomuto záznamu!

MARC

LEADER 00000nam a2200000 a 4500
001 UCL1148
003 CL-VaPUC
008 030905e19790000CL |||||||||||||||||spa|d
082 0 4 |a 262.91  |b CAR  |2 21 
245 1 0 |a Carta del Sumo Pontifice Juan Pablo II a todos los sacerdotes de la iglesia con ocasión del jueves santo 1979 
300 |a 36 p 
942 |c BK 
945 |d 20030905 00:00:00  |a rbrito 
260 |a Santiago  |b Salesiana  |c 1979 
600 0 |a Juan Pablo II  |9 309920 
650 0 |a Documentos pontificios   |9 255642 
650 0 |a Sacerdotes   |9 315705 
650 7 |a CELIBATO  |2 CL-VaPUC  |9 334066 
583 |a last modification  |c 20030905 00:00:00  |k Rodrigo Vera 
999 |c 304811  |d 304809 
952 |0 0  |1 0  |4 0  |6 262_910000000000000_CAR_1979  |7 0  |8 A  |9 367558  |a BIBTEO  |b BIBTEO  |d 2019-11-21  |i 3910040  |o 262.91 CAR 1979  |p 3910040  |r 2025-01-17  |w 2019-11-21  |y BK  |k ICR 
952 |0 0  |1 0  |4 0  |6 262_910000000000000_CAR_1979  |7 0  |8 A  |9 367559  |a BIBTEO  |b BIBTEO  |d 2019-11-21  |i 3910059  |o 262.91 CAR 1979  |p 3910059  |r 2025-01-17  |w 2019-11-21  |y BK  |k ICR